| 000 | 00395nam a2200169 a 4500 | ||
|---|---|---|---|
| 005 | 20210219154405.0 | ||
| 008 | 030519s1949 mx r 000 0 spa d | ||
| 035 | _aUPN01000124327 | ||
| 049 | _aF | ||
| 050 | 4 |
_aSB453 _bJ37 |
|
| 245 | 0 | 3 | _aEl jardÃn que juntos plantamos -- |
| 260 |
_a[s.l.] : _bONU, _c1949. |
||
| 300 | _a23 p. | ||
| 650 | 4 | _aJARDINES. | |
| 902 | _aLG/emo | ||
| 905 | _aLibro | ||
| 999 |
_c96506 _d96506 |
||